Detalles MARC
| 000 -LÍDER |
| Campo fijo de descripción fija |
02633nam a2200325 i 4500 |
| 001 - NÚMERO DE CONTROL |
| Campo de control |
768714001 |
| 003 - IDENTIFICADOR DEL NÚMERO DE CONTROL |
| Campo de control |
CO-MdFUSB |
| 005 - FECHA Y HORA DE LA ULTIMA TRANSACCIÓN |
| control field |
20260327172300.0 |
| 007 - CAMPO FIJO DE DESCRIPCIÓN FIJA--INFORMACIÓN GENERAL |
| Campo fijo de descripción fija |
ta |
| 008 - ELEMENTOS DE LONGITUD FIJA -- INFORMACIÓN GENERAL |
| Campo fijo de descripción fija -- Información general |
241003t19771989sp ||||| |||| 00| 0 spa d |
| 020 ## - NÚMERO INTERNACIONAL NORMALIZADO PARA LIBROS |
| Número Internacional Normalizado del libro |
978-0-8297-1410-4 |
| 040 ## - FUENTE DE CATALOGACIÓN |
| Idioma de catalogación |
spa. |
| Agencia de catalogación original |
CO-MdFUSB |
| Agencia que realiza la transcripción |
CO-MdFUSB |
| Agencia que realiza la modificación |
CO-MdFUSBC |
| Convenciones de la descripción |
rda |
| 041 ## - CÓDIGO DE IDIOMA |
| Código de idioma para texto/pista de sonido o título separado |
spa |
| 082 ## - NÚMERO DE CLASIFICACIÓN DECIMAL DEWEY |
| Número de la edición del Dewey |
23 |
| Número de clasificación |
236 |
| Clave de autor-Numero de item |
P419 |
| 100 ## - ASIENTO PRINCIPAL--NOMBRE PERSONAL |
| Nombre personal |
Pentecost, J.Dwight |
| Término relacionador |
autor |
| 245 1# - TÍTULO |
| Título del Material |
Eventos del porvenir : |
| Parte restante del título - Subtitulo |
estudios de escatología bíblica |
| Mención de responsabilidad, etc. |
/ J. Dwinght Pentecost |
| 264 #1 - PRODUCCIÓN, PUBLICACIÓN, DISTRIBUCIÓN, MANUFACTURA, Y COPYRIGHT |
| Lugar de producción, publicación, distribución, manufactura |
España : |
| Nombre del productor, publicador, distribuidor |
Vida, |
| Fecha de producción, publicación, distribución, manufactura, o copyright |
[1989] |
| 264 #4 - PRODUCCIÓN, PUBLICACIÓN, DISTRIBUCIÓN, MANUFACTURA, Y COPYRIGHT |
| Fecha de producción, publicación, distribución, manufactura, o copyright |
©1977 |
| 300 ## - DESCRIPCIÓN FÍSICA |
| Extensión |
460 páginas |
| Dimensiones |
; 24 cm |
| 336 ## - TIPO DE CONTENIDO |
| Fuente |
rdacontent |
| Término de tipo de contenido |
texto |
| Código de tipo de contenido |
txt |
| 337 ## - TIPO DE MEDIO |
| Fuente |
rdamedia |
| Nombre del tipo de medio |
sin mediación |
| Código del tipo de medio |
n |
| 338 ## - TIPO DE SOPORTE |
| Fuente |
rdacarrier |
| Nombre del tipo de soporte |
volumen |
| Código Tipo de soporte |
nc |
| 500 ## - NOTA GENERAL |
| Nota General |
Incluye índice alfabético, bibliografía |
| 505 ## - NOTA DE CONTENIDO |
| Título |
Interpretación de la profecía: |
| Nota de contenido con formato preestablecido |
Métodos de interpretación. -- Historia de la interpretación. -- Consideraciones generales de la interpretación. -- Interpretación de la profecía. |
| Título |
Los pactos bíblicos y la escatología: |
| Nota de contenido con formato preestablecido |
El pacto Abrahámico. -- El pacto palestino. -- El pacto Davídico. -- El nuevo pacto. |
| Título |
Profecías sobre el presente siglo: |
| Nota de contenido con formato preestablecido |
Curso del presente siglo. -- La posición del traslado radical. -- Teoría del traslado después de la tribulación. -- Posición del traslado durante de la tribulación. -- Teoría del traslado antes de la tribulación. -- Los eventos relacionados con la Iglesia después del traslado. |
| Título |
Profecías del período de la tribulación: |
| Nota de contenido con formato preestablecido |
La doctrina escritural de la tribulación. -- La relación de la iglesia con la tribulación. -- La relación del Espíritu Santo con la tribulación. -- Israel en la tribulación. -- Los gentiles en la tribulación. -- La batalla de Armagedón. -- Los juicios de la tribulación. |
| Título |
Profecías relacionadas con la segunda venida de Cristo: |
| Nota de contenido con formato preestablecido |
Historia de la doctrina de la segunda venida. -- Las resurrecciones relacionadas con el segundo advenimiento. -- Los juicios relacionados con el segundo advenimiento. |
| Título |
Profecías sobre el milenio: |
| Nota de contenido con formato preestablecido |
El concepto del reino en el Antiguo Testamento. -- El programa del reino en el Nuevo Testamento. -- El programa del reino en la edad presente. -- La doctrina escrituraria del milenio. -- El gobierno y los gobernados en el milenio. -- La adoración en el milenio. -- Relación entre los santos vivos y los santos resucitados en el milenio. |
| Título |
Profecías sobre el estado eterno: |
| Nota de contenido con formato preestablecido |
Preparación para el reino eterno. -- La ciudad celestial, la nueva Jerusalén. |
| 563 ## - NOTA DE ENCUADERNACIÓN |
| Nota de encuadernación |
Tapa dura |
| 650 #7 - ASIENTO SECUNDARIO DE MATERIA - TERMINO TEMÁTICO |
| Término temático o nombre geográfico como elemento de entrada |
Escatología |
| 9 (RLIN) |
213 |
| 650 #7 - ASIENTO SECUNDARIO DE MATERIA - TERMINO TEMÁTICO |
| Término temático o nombre geográfico como elemento de entrada |
Teología doctrinal |
| 9 (RLIN) |
179 |
| 942 ## - TIPO DE MATERIAL (KOHA) |
| Tipo de Item KOHA |
Libros General |
| 945 ## - INFORMACIÓN LOCAL DEL REGISTRO |
| Catalogador |
Catherine Arias Alvarez |